| 000 | 00478nam a2200157 i 4500 | ||
|---|---|---|---|
| 001 | 47091 | ||
| 003 | ES-MaACL | ||
| 005 | 20230906161512.0 | ||
| 007 | t| | ||
| 008 | 030403s1921 sp ||||1| spa d | ||
| 100 | 1 |
_aContreras Camargo, E. _940318 |
|
| 245 | 1 | 3 |
_aEl secreto _b: novela dramática en tres jornadas / _cEnrique Contreras Camargo. |
| 260 |
_aMadrid : _b[s.n.], _c1921 ( _fImp. G. Hernández y Galo Saez) |
||
| 300 |
_a144 p. ; _c19 cm. |
||
| 852 |
_aES-MaACL _jF-15019 |
||
| 999 |
_c47091 _d47091 |
||